Statistics for NFL 2020 Teams By Record

Click here to take the quiz!

General Stats

  • This quiz has been taken 48 times
  • The average score is 17 of 32

Answer Stats

HintAnswer% Correct
14-2Kansas City Chiefs
100%
13-3Green Bay Packers
92%
13-3Buffalo Bills
75%
12-4New Orleans Saints
71%
12-4Seattle Seahawks
71%
11-5Tampa Bay Buccaneers
71%
1-15Jacksonville Jaguars
67%
12-4Pittsburgh Steelers
67%
11-5Cleveland Browns
63%
2-14New York Jets
63%
11-5Tennessee Titans
63%
11-5Baltimore Ravens
58%
8-8Chicago Bears
54%
11-5Indianapolis Colts
54%
10-6Miami Dolphins
50%
6-10New York Giants
50%
7-9Washington Football Team
50%
4-12Houston Texans
46%
10-6Los Angeles Rams
46%
4-11-1Cincinnati Bengals
42%
6-10Dallas Cowboys
42%
5-11Detroit Lions
42%
8-8Las Vegas Raiders
42%
7-9Minnesota Vikings
42%
8-8Arizona Cardinals
38%
7-9New England Patriots
38%
7-9Los Angeles Chargers
33%
4-11-1Philadelphia Eagles
33%
6-10San Francisco 49ers
29%
4-12Atlanta Falcons
25%
5-11Carolina Panthers
25%
5-11Denver Broncos
25%

Score Distribution

Percentile by Number Answered

Percent of People with Each Score

Your Score History

You have not taken this quiz